Представление документа в формате RUSMARC

ПолеНазваниеЗначение
  Тип записи i
  Библиографический уровень m
001 Контрольный номер RU\NLR\BIBL_A\012215360
005 Дата корректировки 20211217162022.0
010 Индекс ISBN __
a ISBN 978-5-9677-2859-4
b Уточнения в кор.
d Цена 201-00
035 Другие системные номера __
a Идентификатор записи (RuMoRGB)010112873
100 Данные общей обработки __
a Данные общей обработки 20200211d2018####ma y0rusy0289 ca
101 Язык документа 0_
a Язык текста rus
102 Страна публикации __
a Страна публикации RU
106 Кодированные данные (форма документа) __
a Кодированные данные для формы документа (Обозначение носителя) s
126 Кодированные данные (звукозаписи-физические характеристики) __
a Кодированные данные звукозаписи (общие) аgbаh сd
127 Кодированные данные (звукозаписи-физические характеристики) __
a Продолжительность проигрывания 055400
128 Кодированные данные (звукозаписи-физические характеристики) __
a Кодированные данные: Музыкальная форма и тональность или лад zz
135 Кодированные данные (электронные ресурсы) __
a Кодированные данные (электронные ресурсы) honga|||a||||
139 Кодированные данные (электронные ресурсы) __
a Кодированные данные (электронные ресурсы) сa |||
181 Поле кодированных данных: вид содержания _0
a Код вида содержания (ISBD) h
182 Поле кодированных данных: тип средства _0
a Код типа средства (ISBD) a
200 Заглавие и сведения об ответственности 1_
a Заглавие Зависть
f Первые сведения об ответственности Юрий Олеша
g Последующие сведения об ответственности исполняет Иван Шевелев
g Последующие сведения об ответственности звукорежиссер и автор музыки Олег Панфилов ; продюсер Константин Барышев
e Сведения, относящиеся к заглавию [аудиокнига]
203 Вид содержания и тип средства __
a Вид содержания Устная речь
c Тип средства аудио
210 Выходные данные 1_
a Место издания Москва
c Издательство 1С-Паблишинг
d Дата издания 2018
215 Физическое описание __
a Объем 1 электрон. опт. диск (CD-ROM) (5 ч. 54 мин.)
c Иллюстрации/тип воспроизводства зв.
d Формат 12 см
225 Серия 1_
a Серия Русская классика
300 Общие примечания __
a Общие примечания Заглавие с этикетки диска
300 Общие примечания __
a Общие примечания Данные в формате MP3
330 Аннотация __
a Аннотация Дебютный роман переехавшего в столицу молодого одессита сразу же был провозглашен критикой одним из вершинных достижений советской литературы. И что важно: эта оценка не оспаривается по сей день. Более того, внимательные читатели и сегодня обнаруживают в романе неожиданные художественные прозрения. К примеру, именно Олеша, описав успешного и целеустремленного работника общепита Андрея Бабичева, создал метафору будущего советского строя - образ колбасы как символ жизненного благополучия. Литературная биография Олеши развивалась как бы задом наперед: после успеха "Зависти" стало возможным издать и написанную ранее романтическую сказку "Три Толстяка" - о революционном порыве народа, свергнувшего власть буржуев. Злодеи арестованы, мечты о "колбасном социализме" еще не актуальны, будущее рисуется розовым и голубым... Будущее самого Юрия Олеши оказалось не столь радужным: он замолчал до конца жизни.
333 Примечание о целевом назначении __
a Примечание о целевом назначении 12+. Для детей старше 12 лет
337 Примечание о системных требованиях (электронные ресурсы) __
a Примечание о системных требованиях (электронные ресурсы) Системные требования: MS Windows 95/98/2000/XP/Vista/7/8/10 ; Pentium 100 ; ОЗУ 16 Мб ; монитор SVGA, 800x600 ; устройство чтения CD/DVD-ROM ; звуковая карта ; колонки или наушники; мышь
606 Тематические рубрики __
a Основная рубрика Художественная литература
606 Тематические рубрики __
a Основная рубрика Русская литература XX в. (произведения)
610 Ключевые слова 0_
a Ключевые слова советская литература
610 Ключевые слова 0_
a Ключевые слова интеллигенция
610 Ключевые слова 0_
a Ключевые слова тема интеллигенции
610 Ключевые слова 0_
a Ключевые слова тема советской действительности
610 Ключевые слова 0_
a Ключевые слова советский образ жизни
686 Индексы других классификаций __
a Классификационный индекс 84(2=411.2)6-4я04; ст84(2=411.2)6-4я0
2 Код системы rubbks
700 Автор _1
a Фамилия Олеша
b Имя Ю. К.
f Даты 1899-1960
g Полное личное имя Юрий Карлович
4 Код отношения 070
702 Вторичная интеллектуальная ответственность _1
a Фамилия Шевелев
b Имя И.
g Полное личное имя Иван
4 Код отношения 590
702 Вторичная интеллектуальная ответственность _1
a Фамилия Панфилов
b Имя О.
g Полное личное имя Олег
4 Код отношения 570
4 Код отношения 230
702 Вторичная интеллектуальная ответственность _1
a Фамилия Барышев
b Имя К.
g Полное личное имя Константин
4 Код отношения 665
801 Источник записи _0
a Страна RU
b Организация NLR
c Дата составления 20200211
g Правила каталогизации RCR
801 Источник записи _1
a Страна RU
b Организация NLR
c Дата составления 20200211
2 Код формата rusmarc
g Правила каталогизации PSBO
801 Источник записи _2
a Страна RU
b Организация NLR
c Дата составления 20200806
2 Код формата rusmarc
g Правила каталогизации PSBO
852 Данные о местонахождении __
i Авторский знак О-53
j Шифр хранения 84(2=411.2)6-4я04
899 Данные о местонахождении __
a Местонахождение ЦБС Сургут
900 Макрообъекты __
a Макрообъекты Зависть, Ю. Олеша, 2018 г. (эл. ресурс)
901 Тип документа __
a Ответственный КиК/Котельникова
t Тип документа 0
903 Характеристики (МАРС) __
a Дата передачи 20210201
c Наименование библиотеки (МАРС) Муниципальное бюджетное учреждение культуры "Централизованная библиотечная система" г. Сургут (Центральная городская библиотека им. А. С. Пушкина)
969 Тип издания __
a Тип издания аудиокнига
a Тип издания издание для слепых
990 Данные о заказе (DOS) __
j Количество экземпляров (DOS) 3
t N записи в КСУ для И/У (DOS) 202102